[Event "ROM-ch Rapid"]
[Site "Bucharest"]
[Date "2022.03.11"]
[Round "2"]
[White "Costachi, Mihnea"]
[Black "Atomei, Cristian"]
[Result "1-0"]
[WhiteElo "2463"]
[BlackElo "1895"]
[PlyCount "69"]
[EventDate "2022.03.11"]
[EventType "swiss (rapid)"]
[EventRounds "9"]
[EventCountry "ROU"]
[SourceTitle "CBM 207 Extra"]
[Source "ChessBase"]
[SourceDate "2022.05.31"]
[SourceVersion "1"]
[SourceVersionDate "2022.05.31"]
[SourceQuality "1"]

1. b3 Nf6 2. Bb2 d6 3. d4 g6 4. g3 Bg7 5. Bg2 0-0 6. Nf3 Nbd7 7. 0-0 c6 8. Re1 Qc7 9. e4 e5 10. Nc3 Re8 11. Qd2 Nb6 12. a4 a5 13. h3 Bd7 14. Ba3 c5 15. dxc5 dxc5 16. Qe3 Rac8 17. Red1 Bf8 18. Nd2 c4 19. Bxf8 Rxf8 20. Nd5 Nbxd5 21. exd5 cxb3 22. cxb3 Qc3 23. Qb6 Kg7 24. Nc4 Rxc4 25. bxc4 Qxc4 26. Qxa5 Rc8 27. Qe1 e4 28. d6 h5 29. Rdc1 Qe6 30. Rxc8 Bxc8 31. Rd1 Bd7 32. Qb4 Bc6 33. Qd4 Kh7 34. a5 Bd5 35. d7 1-0

[Event "World Amateur-ch"]
[Site "Iasi"]
[Date "2013.04.26"]
[Round "5"]
[White "Simsek, Hakki Kaan"]
[Black "Atomei, Cristian"]
[Result "0-1"]
[WhiteElo "1805"]
[BlackElo "1929"]
[PlyCount "82"]
[EventDate "2013.04.22"]
[EventType "swiss"]
[EventRounds "9"]
[EventCountry "ROU"]
[SourceTitle "CBM 154 Extra"]
[Source "ChessBase"]
[SourceDate "2013.06.25"]
[SourceVersion "2"]
[SourceVersionDate "2013.06.25"]
[SourceQuality "1"]

1. e4 c5 2. Nf3 Nc6 3. d4 cxd4 4. Nxd4 Nf6 5. Nc3 e5 6. Ndb5 d6 7. Bg5 a6 8. Na3 b5 9. Nd5 Be7 10. Bxf6 Bxf6 11. c3 Bg5 12. Nc2 0-0 13. a4 bxa4 14. Rxa4 a5 15. Bc4 Rb8 16. b3 Kh8 17. 0-0 f5 18. exf5 Bxf5 19. Nce3 Bg6 20. Bd3 Bf7 21. Be4 Ne7 22. Nc4 Rb5 23. Nxe7 Bxe7 24. Bd3 Rc5 25. Qe2 Qc7 26. Rfa1 Bf6 27. Nxa5 d5 28. b4 Rxc3 29. Rb1 e4 30. Ba6 Bd4 31. Ra2 Bg6 32. Rf1 Qb6 33. h3 Qxb4 34. Qd1 Qb6 35. Bb7 e3 36. fxe3 Bxe3+ 37. Kh2 Qc7+ 38. g3 Bf2 39. Rfxf2 Qxg3+ 40. Kh1 Rxf2 41. Rxf2 Be4+ 0-1

[Event "World Amateur-ch"]
[Site "Iasi"]
[Date "2013.04.25"]
[Round "4"]
[White "Atomei, Cristian"]
[Black "Ruzicic, Sinisa"]
[Result "0-1"]
[WhiteElo "1929"]
[BlackElo "1992"]
[PlyCount "133"]
[EventDate "2013.04.22"]
[EventType "swiss"]
[EventRounds "9"]
[EventCountry "ROU"]
[SourceTitle "CBM 154 Extra"]
[Source "ChessBase"]
[SourceDate "2013.06.25"]
[SourceVersion "2"]
[SourceVersionDate "2013.06.25"]
[SourceQuality "1"]

1. e4 c5 2. Nf3 d6 3. d4 cxd4 4. Nxd4 Nf6 5. Nc3 a6 6. h3 b5 7. g4 Bb7 8. Bg2 b4 9. Nd5 e6 10. Nxf6+ Qxf6 11. 0-0 Qd8 12. Be3 Be7 13. Qd2 a5 14. Rad1 0-0 15. Rfe1 Qd7 16. g5 Nc6 17. f4 Nxd4 18. Bxd4 Rac8 19. f5 exf5 20. exf5 Bxg2 21. Qxg2 Rfe8 22. f6 Bf8 23. c3 g6 24. a3 b3 25. Bf2 Qf5 26. h4 Re5 27. Bg3 Re6 28. Rxe6 Qxe6 29. Re1 Qd7 30. Kh2 d5 31. Rd1 Rd8 32. Qh3 Qb5 33. Qf1 Qa4 34. Qf4 Qb5 35. c4 Qa6 36. Rxd5 Rxd5 37. cxd5 Qe2+ 38. Qf2 Qc2 39. Kh3 h5 40. Qxc2 bxc2 41. Bf4 Bd6 42. Bc1 Kf8 43. Kg2 Ke8 44. a4 Kd7 45. Kf3 Be5 46. Ke4 Bg3 47. Kd3 Bxh4 48. Kxc2 Bg3 49. Kd3 h4 50. Ke3 Kd6 51. Kf3 Kxd5 52. Bd2 Kc4 53. Bxa5 Kb3 54. Bc3 Kxa4 55. Kg4 Kb3 56. Kf3 Kc4 57. Ke4 Bd6 58. Be5 Bc5 59. Kf4 Kd5 60. Bc3 Bd4 61. Bxd4 Kxd4 62. Kf3 Kd3 63. Kf4 Kd4 64. Kf3 Ke5 65. Kg4 Ke4 66. Kxh4 Kf5 67. Kh3 0-1

[Event "ROM-chTA"]
[Site "Olanesti"]
[Date "2012.10.13"]
[Round "8.6"]
[White "Atomei, Cristian"]
[Black "Barbulescu, Serban Ioan"]
[Result "1-0"]
[WhiteElo "1924"]
[BlackElo "1886"]
[PlyCount "81"]
[EventDate "2012.10.06"]
[EventType "team-tourn"]
[EventRounds "9"]
[EventCountry "ROU"]
[SourceTitle "CBM 150 Extra"]
[Source "ChessBase"]
[SourceDate "2012.10.19"]
[SourceVersion "1"]
[SourceVersionDate "2012.10.19"]
[SourceQuality "1"]
[WhiteTeam "Bucharest"]
[BlackTeam "Craiova Oltenia"]
[WhiteTeamCountry "ROU"]
[BlackTeamCountry "ROU"]

1. e4 e5 2. Nf3 Nc6 3. Bb5 a6 4. Bxc6 dxc6 5. d3 Bd6 6. Nbd2 Be6 7. Qe2 c5 8. a4 f6 9. 0-0 Ne7 10. Nc4 Qd7 11. Be3 0-0-0 12. Nfd2 Ng6 13. Nb3 Nf4 14. Bxf4 exf4 15. f3 h5 16. Rfd1 h4 17. h3 Rh5 18. Nbd2 Bxh3 19. gxh3 Qxh3 20. Qh2 Rg5+ 21. Kh1 Qe6 22. Nxd6+ cxd6 23. Qxf4 Rh8 24. Rg1 Rhh5 25. Rxg5 Rxg5 26. Rg1 Qe8 27. Rxg5 fxg5 28. Qxd6 Qxa4 29. Qxc5+ Kb8 30. Qd6+ Ka8 31. Qf8+ Ka7 32. Qc5+ Kb8 33. Qe5+ Ka8 34. Nb3 Qd7 35. Kh2 g4 36. Qf5 Qc7+ 37. Kg1 Qxc2 38. Qf8+ Ka7 39. Qc5+ Qxc5+ 40. Nxc5 gxf3 41. Kf2 1-0

[Event "ROM-chTA"]
[Site "Olanesti"]
[Date "2012.10.12"]
[Round "7.6"]
[White "Munteanu, Alexandru"]
[Black "Atomei, Cristian"]
[Result "1/2-1/2"]
[WhiteElo "1977"]
[BlackElo "1924"]
[PlyCount "64"]
[EventDate "2012.10.06"]
[EventType "team-tourn"]
[EventRounds "9"]
[EventCountry "ROU"]
[SourceTitle "CBM 150 Extra"]
[Source "ChessBase"]
[SourceDate "2012.10.19"]
[SourceVersion "1"]
[SourceVersionDate "2012.10.19"]
[SourceQuality "1"]
[WhiteTeam "Giurgiu"]
[BlackTeam "Bucharest"]
[WhiteTeamCountry "ROU"]
[BlackTeamCountry "ROU"]

1. e4 c5 2. c3 d5 3. exd5 Qxd5 4. d4 Nf6 5. Nf3 e6 6. Na3 Qd8 7. Nc2 Be7 8. Bd3 0-0 9. 0-0 Nc6 10. Qe2 Qc7 11. Ne5 cxd4 12. Nxc6 bxc6 13. cxd4 Rb8 14. Rb1 Bd6 15. h3 Nd5 16. Bd2 Nf4 17. Bxf4 Bxf4 18. Rfd1 Rd8 19. Ne1 g6 20. Nf3 Bb7 21. Be4 Qb6 22. Qc2 Rbc8 23. Qc5 Bd6 24. Qxb6 axb6 25. Rbc1 f6 26. a3 Kf7 27. b4 Bf4 28. Rb1 f5 29. Bc2 Ra8 30. a4 c5 31. dxc5 Bxf3 32. gxf3 bxc5 1/2-1/2

[Event "ROM-chTA"]
[Site "Olanesti"]
[Date "2012.10.10"]
[Round "5.6"]
[White "Anuta, Laurentiu"]
[Black "Atomei, Cristian"]
[Result "1-0"]
[WhiteElo "2064"]
[BlackElo "1924"]
[PlyCount "82"]
[EventDate "2012.10.06"]
[EventType "team-tourn"]
[EventRounds "9"]
[EventCountry "ROU"]
[SourceTitle "CBM 150 Extra"]
[Source "ChessBase"]
[SourceDate "2012.10.19"]
[SourceVersion "1"]
[SourceVersionDate "2012.10.19"]
[SourceQuality "1"]
[WhiteTeam "Ploiesti"]
[BlackTeam "Bucharest"]
[WhiteTeamCountry "ROU"]
[BlackTeamCountry "ROU"]

1. Nf3 Nf6 2. b3 d5 3. Bb2 e6 4. e3 c5 5. d4 cxd4 6. exd4 Nc6 7. a3 Bd6 8. Bd3 0-0 9. 0-0 Qc7 10. Re1 Re8 11. Ne5 Ne7 12. Nd2 b6 13. Rc1 Bb7 14. Ndf3 Ng6 15. g3 Qe7 16. Ra1 Rac8 17. h4 Nd7 18. Bb5 Ngxe5 19. dxe5 Bb8 20. a4 a6 21. Ba3 Qd8 22. Bd3 h6 23. b4 Qc7 24. Bb2 a5 25. c3 Red8 26. Rc1 Nf8 27. Nd4 Qe7 28. Ba3 f6 29. exf6 Qxf6 30. bxa5 bxa5 31. Re3 Ba7 32. Rf3 Qe5 33. Qd2 Bxd4 34. cxd4 Rxc1+ 35. Bxc1 Qh5 36. Qe2 Qe8 37. Ba3 Qc6 38. Bb5 Qc8 39. Be7 Qc1+ 40. Kg2 Rc8 41. Bxf8 e5 1-0

[Event "ROM-chTA"]
[Site "Olanesti"]
[Date "2012.10.09"]
[Round "4.6"]
[White "Atomei, Cristian"]
[Black "Sava, Catalin"]
[Result "1-0"]
[WhiteElo "1924"]
[BlackElo "2141"]
[PlyCount "73"]
[EventDate "2012.10.06"]
[EventType "team-tourn"]
[EventRounds "9"]
[EventCountry "ROU"]
[SourceTitle "CBM 150 Extra"]
[Source "ChessBase"]
[SourceDate "2012.10.19"]
[SourceVersion "1"]
[SourceVersionDate "2012.10.19"]
[SourceQuality "1"]
[WhiteTeam "Bucharest"]
[BlackTeam "Galati"]
[WhiteTeamCountry "ROU"]
[BlackTeamCountry "ROU"]

1. e4 d5 2. exd5 Qxd5 3. Nc3 Qd6 4. d4 c6 5. g3 Nf6 6. Bg2 e6 7. Nge2 Qc7 8. 0-0 Nbd7 9. Re1 Bd6 10. a3 0-0 11. b4 e5 12. d5 cxd5 13. Nxd5 Nxd5 14. Bxd5 Nf6 15. c4 Nxd5 16. cxd5 Bg4 17. Bb2 f5 18. Qb3 Rae8 19. Nc3 a6 20. Na4 e4 21. Nc5 Rf7 22. Rac1 Qe7 23. Ne6 Qd7 24. a4 h6 25. b5 a5 26. Bc3 Ra8 27. Bd2 Re7 28. Rc2 Qe8 29. Bf4 Qd7 30. Rec1 Bxf4 31. Nxf4 Kh7 32. Ne6 Qd6 33. Rc8 Rxc8 34. Rxc8 f4 35. Rd8 Qe5 36. Nf8+ Kg8 37. Ng6+ 1-0

[Event "ROM-chTA"]
[Site "Olanesti"]
[Date "2012.10.07"]
[Round "2.6"]
[White "Atomei, Cristian"]
[Black "Toma, Radu Cristian"]
[Result "0-1"]
[WhiteElo "1924"]
[BlackElo "2208"]
[PlyCount "102"]
[EventDate "2012.10.06"]
[EventType "team-tourn"]
[EventRounds "9"]
[EventCountry "ROU"]
[SourceTitle "CBM 150 Extra"]
[Source "ChessBase"]
[SourceDate "2012.10.19"]
[SourceVersion "1"]
[SourceVersionDate "2012.10.19"]
[SourceQuality "1"]
[WhiteTeam "Bucharest"]
[BlackTeam "Otopeni"]
[WhiteTeamCountry "ROU"]
[BlackTeamCountry "ROU"]

1. e4 c5 2. Nc3 g6 3. f4 Bg7 4. Nf3 d6 5. Bc4 Nc6 6. 0-0 e6 7. d3 Nge7 8. Bb3 0-0 9. Qe1 Na5 10. Be3 Nxb3 11. axb3 Nc6 12. Qf2 f5 13. exf5 gxf5 14. d4 b6 15. dxc5 bxc5 16. Rfd1 Qe7 17. Rd2 Rd8 18. Rad1 Rb8 19. Qh4 Qxh4 20. Nxh4 Bd4 21. Bxd4 Nxd4 22. Kf2 Kf7 23. Nf3 Nxf3 24. Kxf3 Ke7 25. Ra1 a6 26. g3 c4 27. Ra3 cxb3 28. Rxb3 Rxb3 29. cxb3 Bd7 30. Rd1 Rb8 31. Ra1 Rxb3 32. Rxa6 Rxb2 33. Ra2 Rb3 34. Rc2 Bc6+ 35. Kf2 Kd7 36. Ne2 Bd5 37. Nd4 Ra3 38. Rc7+ Kxc7 39. Nb5+ Kc6 40. Nxa3 Kc5 41. Nc2 Be4 42. Ne3 Kd4 43. Ke2 Bd3+ 44. Kf3 Ba6 45. Nd1 d5 46. Nb2 Bb5 47. Nd1 Kd3 48. Nf2+ Kc3 49. g4 d4 50. h4 Kd2 51. h5 Be2+ 0-1

[Event "ROM-chTA"]
[Site "Olanesti"]
[Date "2012.10.06"]
[Round "1.6"]
[White "Atomei, Cristian"]
[Black "Stegariu, Alexandru"]
[Result "1/2-1/2"]
[WhiteElo "1924"]
[BlackElo "2129"]
[PlyCount "57"]
[EventDate "2012.10.06"]
[EventType "team-tourn"]
[EventRounds "9"]
[EventCountry "ROU"]
[SourceTitle "CBM 150 Extra"]
[Source "ChessBase"]
[SourceDate "2012.10.19"]
[SourceVersion "1"]
[SourceVersionDate "2012.10.19"]
[SourceQuality "1"]
[WhiteTeam "Bucharest"]
[BlackTeam "Resita Muncitorul"]
[WhiteTeamCountry "ROU"]
[BlackTeamCountry "ROU"]

1. e4 c5 2. Nc3 e6 3. Nf3 d6 4. d4 cxd4 5. Nxd4 Nf6 6. Be3 a6 7. a4 b6 8. f3 Bb7 9. Qd2 Nbd7 10. Be2 Qc7 11. 0-0 Be7 12. Rfd1 Ne5 13. Nb3 0-0 14. a5 b5 15. Bb6 Qc8 16. Qd4 Nfd7 17. Qf2 Nxb6 18. axb6 Nd7 19. Na5 d5 20. Kh1 Bc5 21. Qh4 d4 22. Na2 Bxb6 23. Nxb7 Qxb7 24. f4 Rac8 25. e5 g6 26. Rd3 Rfd8 27. Rh3 Nf8 28. Bf3 Qc7 29. Be4 1/2-1/2

[Event "ROM-chT Div-A"]
[Site "Slanic Moldova"]
[Date "2011.10.09"]
[Round "9"]
[White "Atomei, Cristian"]
[Black "Catricicau, Claudiu"]
[Result "1-0"]
[WhiteElo "1928"]
[BlackElo "1879"]
[PlyCount "65"]
[EventDate "2011.10.03"]
[EventType "team-tourn"]
[EventRounds "9"]
[EventCountry "ROU"]
[SourceTitle "CBM 144 Extra"]
[Source "ChessBase"]
[SourceDate "2011.10.28"]
[SourceVersion "1"]
[SourceVersionDate "2011.10.28"]
[SourceQuality "1"]

1. e4 d5 2. exd5 Qxd5 3. Nc3 Qa5 4. d4 c6 5. Nf3 Bg4 6. h3 Bh5 7. g4 Bg6 8. Ne5 e6 9. Bc4 Nd7 10. Nxd7 Kxd7 11. Bd2 Qb6 12. Qe2 Bxc2 13. 0-0 Bg6 14. Rfe1 Bd6 15. Rac1 Nf6 16. a4 Rhe8 17. a5 Qxd4 18. Red1 Nd5 19. Nb5 Qe5 20. Nxd6 Qxe2 21. Bxe2 Kxd6 22. b4 Ke7 23. Bf3 Nc7 24. Be3 Red8 25. Rxd8 Kxd8 26. Bc5 Ke8 27. b5 cxb5 28. a6 Kd7 29. axb7 Rb8 30. Be3 a6 31. Bc6+ Ke7 32. Bf4 Rd8 33. Bxb5 1-0

[Event "ROM-chT Div-A"]
[Site "Slanic Moldova"]
[Date "2011.10.06"]
[Round "5"]
[White "Atomei, Cristian"]
[Black "Bacila, Mihai"]
[Result "1-0"]
[WhiteElo "1928"]
[BlackElo "1562"]
[PlyCount "79"]
[EventDate "2011.10.03"]
[EventType "team-tourn"]
[EventRounds "9"]
[EventCountry "ROU"]
[SourceTitle "CBM 144 Extra"]
[Source "ChessBase"]
[SourceDate "2011.10.28"]
[SourceVersion "1"]
[SourceVersionDate "2011.10.28"]
[SourceQuality "1"]

1. e4 d6 2. d4 Nf6 3. Nc3 Nbd7 4. g4 e5 5. g5 Ng8 6. Bc4 exd4 7. Qxd4 Ne5 8. Bf4 c5 9. Bb5+ Bd7 10. Qa4 Nc6 11. Be3 a6 12. Bxc6 Bxc6 13. Qc4 b5 14. Qd3 f5 15. gxf6 Nxf6 16. Nge2 Qe7 17. Ng3 b4 18. Nd5 Bxd5 19. exd5 Nxd5 20. Qxd5 Qxe3+ 21. Kd1 Qd4+ 22. Qxd4 cxd4 23. Kd2 g6 24. Rhe1+ Kd7 25. Re4 Bg7 26. Rae1 Rae8 27. Kd3 d5 28. Rxe8 Rxe8 29. Rxe8 Kxe8 30. Ne2 Kd7 31. Nxd4 Bxd4 32. Kxd4 Kd6 33. h3 a5 34. h4 h5 35. c3 Kc6 36. c4 dxc4 37. Kxc4 Kb6 38. a3 bxa3 39. bxa3 Kc6 40. a4 1-0

[Event "ROM-chT Div-A"]
[Site "Slanic Moldova"]
[Date "2011.10.04"]
[Round "3"]
[White "Atomei, Cristian"]
[Black "Vasile, Teodora"]
[Result "1/2-1/2"]
[WhiteElo "1928"]
[BlackElo "1974"]
[PlyCount "58"]
[EventDate "2011.10.03"]
[EventType "team-tourn"]
[EventRounds "9"]
[EventCountry "ROU"]
[SourceTitle "CBM 144 Extra"]
[Source "ChessBase"]
[SourceDate "2011.10.28"]
[SourceVersion "1"]
[SourceVersionDate "2011.10.28"]
[SourceQuality "1"]

1. e4 d6 2. d4 Nf6 3. Nc3 Nbd7 4. g4 h6 5. h3 e5 6. Nge2 c6 7. Bg2 Be7 8. 0-0 Qc7 9. Ng3 Nf8 10. Nf5 Bxf5 11. exf5 N8d7 12. Be3 d5 13. dxe5 Nxe5 14. Re1 0-0 15. Bd4 Bd6 16. f4 Nc4 17. g5 Nxb2 18. Qf3 Nd7 19. gxh6 f6 20. Qh5 Bc5 21. Bxc5 Nxc5 22. Bxd5+ cxd5 23. Nxd5 Qf7 24. Ne7+ Kh7 25. Ng6 Rfe8 26. hxg7+ Kxg7 27. Qg4 Kh7 28. Qh5+ Kg7 29. Qg4 Kh7 1/2-1/2

[Event "ROM-ch op"]
[Site "Sarata Monteoru"]
[Date "2011.02.12"]
[Round "1"]
[White "Atomei, Cristian"]
[Black "Badea, Bela"]
[Result "0-1"]
[WhiteElo "1921"]
[BlackElo "2493"]
[PlyCount "68"]
[EventDate "2011.02.12"]
[EventType "swiss"]
[EventRounds "11"]
[EventCountry "ROU"]
[SourceTitle "EXT 2013"]
[Source "ChessBase"]
[SourceDate "2012.11.22"]
[SourceVersion "1"]
[SourceVersionDate "2012.11.22"]
[SourceQuality "1"]

1. e4 d6 2. d4 Nf6 3. Nc3 e5 4. dxe5 dxe5 5. Qxd8+ Kxd8 6. Bg5 c6 7. 0-0-0+ Ke8 8. f4 Be7 9. Be2 h6 10. Bxf6 Bxf6 11. f5 Nd7 12. Nf3 h5 13. h4 b5 14. Rd2 Nb6 15. Rhd1 b4 16. Nb1 Bb7 17. Ng5 Rb8 18. a3 a5 19. c3 Be7 20. cxb4 axb4 21. axb4 Bxb4 22. Rc2 Ke7 23. Na3 Ra8 24. Kb1 Ra7 25. Rd3 c5 26. Nb5 Ra5 27. Nc7 c4 28. Rg3 Rc8 29. Nxf7 Rxc7 30. Rxg7 Kf8 31. Rg6 Rxf7 32. Rxb6 Bc5 33. Re6 Bxe4 34. Bxh5 Rxf5 0-1

[Event "ROM-ch U18"]
[Site "Voineasa"]
[Date "2010.04.09"]
[Round "2"]
[White "Petre, Mihai"]
[Black "Atomei, Cristian"]
[Result "0-1"]
[WhiteElo "1820"]
[BlackElo "1938"]
[PlyCount "55"]
[EventDate "2010.04.08"]
[EventType "swiss"]
[EventRounds "9"]
[EventCountry "ROU"]
[SourceTitle "EXT 2020"]
[Source "ChessBase"]
[SourceDate "2019.10.17"]
[SourceVersion "1"]
[SourceVersionDate "2019.10.17"]
[SourceQuality "1"]

1. e4 c5 2. c3 d5 3. exd5 Qxd5 4. d4 e6 5. Nf3 Nc6 6. Bb5 Bd7 7. 0-0 Nf6 8. Re1 cxd4 9. Nxd4 Bc5 10. Be3 Bxd4 11. c4 Qe4 12. Bxd4 Qxd4 13. Bxc6 Qxd1 14. Rxd1 Bxc6 15. Nc3 0-0 16. b4 a6 17. a4 Rfd8 18. b5 axb5 19. axb5 Rxa1 20. Rxa1 Be8 21. h3 h6 22. Ra7 Rc8 23. Rxb7 Rxc4 24. Na2 Rc2 25. Nb4 Rb2 26. Nc6 Bxc6 27. bxc6 Rxb7 28. cxb7 0-1

[Event "ROM-ch U16 Boys"]
[Site "Voineasa"]
[Date "2008.04.16"]
[Round "7"]
[White "Atomei, Cristian"]
[Black "Florescu, Alin Cristian"]
[Result "1/2-1/2"]
[WhiteElo "807"]
[BlackElo "928"]
[PlyCount "72"]
[EventDate "2008.04.08"]
[EventType "swiss"]
[EventRounds "9"]
[EventCountry "ROU"]
[SourceTitle "EXT 2013"]
[Source "ChessBase"]
[SourceDate "2012.11.22"]
[SourceVersion "1"]
[SourceVersionDate "2012.11.22"]
[SourceQuality "1"]

1. e4 e5 2. Nf3 Nf6 3. Nc3 Nc6 4. Bc4 Nxe4 5. Nxe4 d5 6. Bd3 dxe4 7. Bxe4 Ne7 8. c3 f5 9. Bc2 Qd6 10. 0-0 e4 11. Nd4 Bd7 12. d3 exd3 13. Bxd3 0-0-0 14. Qf3 g6 15. Bf4 Qc5 16. b4 Qd5 17. Qg3 g5 18. Bxc7 f4 19. Bxf4 gxf4 20. Qxf4 Bg7 21. Rfe1 Rdf8 22. Qe4 Bxd4 23. cxd4 Qxe4 24. Bxe4 Nc6 25. Rac1 Kb8 26. b5 Nd8 27. a4 Re8 28. f3 Nf7 29. Rc5 Rc8 30. Rd5 Be6 31. Rh5 Bb3 32. a5 Nd6 33. a6 Bc4 34. axb7 Nxb7 35. Bc6 Nd6 36. Rb1 Rc7 1/2-1/2